<?xml version="1.0" encoding="UTF-8"?>
<collection xmlns="http://www.loc.gov/MARC21/slim">
 <record>
  <leader>04495ntm a22005657a 4500</leader>
  <controlfield tag="001">000245298</controlfield>
  <controlfield tag="003">CZ-PrVSE</controlfield>
  <controlfield tag="005">20140210231235.0</controlfield>
  <controlfield tag="006">m        d</controlfield>
  <controlfield tag="007">cr n||||||||||</controlfield>
  <controlfield tag="008">140210s2013    xr     fsbm   000 0 cze d</controlfield>
  <datafield tag="STA" ind1=" " ind2=" ">
   <subfield code="a">NEZPRACOVANÝ IMPORT</subfield>
  </datafield>
  <datafield tag="040" ind1=" " ind2=" ">
   <subfield code="a">ABA006</subfield>
   <subfield code="b">cze</subfield>
   <subfield code="c">ABA006</subfield>
   <subfield code="d">ABA006</subfield>
  </datafield>
  <datafield tag="100" ind1="1" ind2=" ">
   <subfield code="a">Lokaj, Lukáš</subfield>
   <subfield code="%">ISIS:6136</subfield>
   <subfield code="4">dis</subfield>
  </datafield>
  <datafield tag="242" ind1="1" ind2="0">
   <subfield code="a">Analysis of enterprise content management in SSČS a.s. and its optimization design</subfield>
   <subfield code="y">eng</subfield>
  </datafield>
  <datafield tag="245" ind1="1" ind2="0">
   <subfield code="a">Analýza správy podnikových dokumentů v SSČS a.s. a návrh na její optimalizaci</subfield>
   <subfield code="h">[elektronický zdroj] /</subfield>
   <subfield code="c">Lukáš Lokaj</subfield>
  </datafield>
  <datafield tag="260" ind1=" " ind2=" ">
   <subfield code="c">2013</subfield>
  </datafield>
  <datafield tag="300" ind1=" " ind2=" ">
   <subfield code="a">?? s. :</subfield>
   <subfield code="3">digital, PDF soubor</subfield>
  </datafield>
  <datafield tag="500" ind1=" " ind2=" ">
   <subfield code="a">Vedoucí práce: Renáta Kunstová</subfield>
  </datafield>
  <datafield tag="502" ind1=" " ind2=" ">
   <subfield code="a">Diplomová práce (Ing.)—Vysoká škola ekonomická v Praze. Fakulta informatiky a statistiky, 2014</subfield>
  </datafield>
  <datafield tag="504" ind1=" " ind2=" ">
   <subfield code="a">Obsahuje bibliografii</subfield>
  </datafield>
  <datafield tag="516" ind1=" " ind2=" ">
   <subfield code="a">Textový (vysokoškolská kvalifikační práce)</subfield>
  </datafield>
  <datafield tag="518" ind1=" " ind2=" ">
   <subfield code="a">Rok obhajoby 2014</subfield>
  </datafield>
  <datafield tag="520" ind1="3" ind2=" ">
   <subfield code="a">Diplomová práce se zaměřuje na návrh řešení náhrady stávajícího způsobu výměny dokumentů mezi Stavební spořitelnou České spořitelny a.s. (dále SSČS) a její externí prodejní sítí, který je zastaralý a nevyhovuje potřebám SSČS ani prodejní sítě. Součástí práce je rovněž identifikace vhodných základních principů, užívaných v rámci servisně orientovaných architektur (dále SOA), a jejich aplikace při návrhu řešení. Cílem práce je tedy konceptuální návrh řešení, vycházející ze zvolených principů SOA a na něj navazující technologický návrh změn ve stávajících aplikacích tak, aby na jeho základě mohlo vzniknout funkční a technické zadání pro dodavatele těchto aplikací. Stanoveného cíle je dosaženo na základě výchozí analýzy stávajícího prostředí, která identifikuje možnosti současných aplikací a zároveň odhaluje slabá místa procesu, která bude třeba změnit v novém řešení. Analýza se zabývá jak prostředím externí prodejní sítě, tak navazujícím prostředím v SSČS, které dohromady figurují v procesu zpracování zasílané dokumentace. Z výsledků analýzy a na základě teoretických poznatků a konzultací s odborníky v oblasti SOA, je pak formulován návrh řešení na konceptuální úrovni, který je dále rozpracován do popisu navrhovaných změn v jednotlivých komponentách nového řešení. Výstupy této práce budou sloužit SSČS jak z pohledu popisu stávajícího i nového prostředí, tak jako vstupní materiál pro zadávací dokumentaci navržených změn pro dodavatele dotčených aplikací. Struktura práce sestává z úvodní části, věnované charakteristice SSČS a poskytující výchozí rámec pro řešenou oblast. Na to navazuje již analýza a popis externí prodejní sítě zejména z pohledu aplikační vybavenosti a komunikačních toků, následovaná popisem prostředí v SSČS, které obsahuje navazují</subfield>
  </datafield>
  <datafield tag="520" ind1="8" ind2=" ">
   <subfield code="a">Další část práce se věnuje formulaci základních konceptů SOA a výběru vhodných principů, které následně v navazující části slouží pro návrh samotného řešení, nejprve na konceptuální úrovni, následované detailním popisem potřebných změn. Vše je pak zhodnoceno v závěrečné části práce.</subfield>
  </datafield>
  <datafield tag="538" ind1=" " ind2=" ">
   <subfield code="a">Způsob přístupu: Internet</subfield>
  </datafield>
  <datafield tag="653" ind1="0" ind2=" ">
   <subfield code="a">podniková informatika [obor dipl. práce]</subfield>
  </datafield>
  <datafield tag="655" ind1=" " ind2="7">
   <subfield code="a">diplomové práce</subfield>
   <subfield code="7">fd132022</subfield>
   <subfield code="2">czenas</subfield>
  </datafield>
  <datafield tag="655" ind1=" " ind2="9">
   <subfield code="a">master's theses</subfield>
   <subfield code="2">eczenas</subfield>
  </datafield>
  <datafield tag="690" ind1=" " ind2=" ">
   <subfield code="a">SOAP</subfield>
  </datafield>
  <datafield tag="690" ind1=" " ind2=" ">
   <subfield code="a">SOA principy</subfield>
  </datafield>
  <datafield tag="690" ind1=" " ind2=" ">
   <subfield code="a">dokument management systém</subfield>
  </datafield>
  <datafield tag="690" ind1=" " ind2=" ">
   <subfield code="a">servisně orientovaná architektura</subfield>
  </datafield>
  <datafield tag="690" ind1=" " ind2=" ">
   <subfield code="a">WSDL</subfield>
  </datafield>
  <datafield tag="690" ind1=" " ind2=" ">
   <subfield code="a">správa podnikového obsahu</subfield>
  </datafield>
  <datafield tag="690" ind1=" " ind2=" ">
   <subfield code="a">webové služby</subfield>
  </datafield>
  <datafield tag="690" ind1=" " ind2=" ">
   <subfield code="a">SOA referenční model</subfield>
  </datafield>
  <datafield tag="700" ind1="1" ind2=" ">
   <subfield code="a">Kunstová, Renata,</subfield>
   <subfield code="d">1962-</subfield>
   <subfield code="7">jn20010309029</subfield>
   <subfield code="4">ths</subfield>
  </datafield>
  <datafield tag="700" ind1="1" ind2=" ">
   <subfield code="a">Procházka, Rudolf</subfield>
   <subfield code="4">opn</subfield>
  </datafield>
  <datafield tag="710" ind1="2" ind2=" ">
   <subfield code="a">Vysoká škola ekonomická v Praze.</subfield>
   <subfield code="b">Fakulta informatiky a statistiky</subfield>
   <subfield code="7">kn20010709399</subfield>
  </datafield>
  <datafield tag="856" ind1="4" ind2="0">
   <subfield code="u">https://isis.vse.cz/zp/43709/podrobnosti</subfield>
   <subfield code="y">VŠKP v InSIS</subfield>
  </datafield>
  <datafield tag="856" ind1="4" ind2="0">
   <subfield code="u">https://isis.vse.cz/zp/43709</subfield>
   <subfield code="y">Hlavní práce</subfield>
  </datafield>
  <datafield tag="856" ind1="4" ind2="0">
   <subfield code="u">https://isis.vse.cz/zp/43709/posudek/vedouci</subfield>
   <subfield code="y">Hodnocení vedoucího</subfield>
  </datafield>
  <datafield tag="856" ind1="4" ind2="0">
   <subfield code="u">https://isis.vse.cz/zp/43709/posudek/oponent/34399</subfield>
   <subfield code="y">Oponentura</subfield>
  </datafield>
  <datafield tag="999" ind1="4" ind2="0">
   <subfield code="u">http://isis.vse.cz/zp/128381/podrobnosti</subfield>
   <subfield code="y">dc:identifier</subfield>
  </datafield>
  <datafield tag="993" ind1=" " ind2=" ">
   <subfield code="x">NEPOSILAT</subfield>
   <subfield code="y">VSKP</subfield>
  </datafield>
  <datafield tag="999" ind1="4" ind2="5">
   <subfield code="x">128381</subfield>
  </datafield>
  <datafield tag="999" ind1="4" ind2="9">
   <subfield code="a">vse43709</subfield>
   <subfield code="b">140207</subfield>
  </datafield>
 </record>
</collection>
